00848nam a2200253 i 450000100060000000300090000600500170001500700030003200800390003502000180007408000280009210000270012024500540014725000120020126000290021330000220024249000150026450400320027960000590031183000230037085200620039399900170045595201220047212985ES-MaACL20251122151508.0t|940210s1993 sp |||| |bspa a84-86293-81-2 a929 Hernández, Miguel1 aCollado, Pedro.93965810aMiguel Hernández y su tiempo / cPedro Collado. a1ª ed. aMadrid : bVOSA, c1993. a259 p. ; c20 cm.1 aDocumentos aBibliografía: p. 257-259.14aHernández, Miguel, d1910-1942-xBiografías9628451 aDocumentos9177791 aES-MaACLjL-20341 z- Dedicatoria autógrafa del autor c12985d12985 00104070aATENEOMbATENEOMcDEPO2d2008-01-17eSCl0oL-20341p1013224r2023-02-23 00:00:00w2023-02-23yMONOGRAFIA